Gaming Quiz

Random Gaming Quiz

Heroclix - Armor Wars Quiz Stats

 Plays Quiz not verified by Sporcle

Challenge
Share
Tweet
Embed
Score 0/60 Timer 10:00
0 Plays Today
Number Piece % Correct
31-33Magma
100%
67-69War Machine
100%
70-72Crimson Dynamo
100%
76-78Iron Man
100%
88Iron Man
100%
90Iron Monger
100%
95Wolverine
100%
4-6Paladin
66.7%
10-12Diamond Lil
66.7%
22-24Banshee
66.7%
25-27Spymaster
66.7%
28-30Ghost
66.7%
34-36Marrina
66.7%
37-39Thunderball
66.7%
43-45Cannonball
66.7%
46-48Wendigo
66.7%
49-51Shaman
66.7%
52-54Quicksilver
66.7%
55-57Psylocke
66.7%
61-63Dazzler
66.7%
73-75Titanium Man
66.7%
85Crystal
66.7%
87Jocasta
66.7%
91Sentry
66.7%
92Spider-Woman
66.7%
93Spider-Man
66.7%
94Mystique
66.7%
96Magneto
66.7%
1-3Firebrand
33.3%
7-9Lorelei
33.3%
Number Piece % Correct
13-15Echo
33.3%
16-18Killer Shrike
33.3%
19-21Thunderbird & Warpath
33.3%
40-42Aurura
33.3%
58-60Sunfire
33.3%
64-66Executioner
33.3%
79-81Captain America
33.3%
86Shathra
33.3%
89Black King
33.3%
82-84Ultron
0%
B005Doug Ramsey
0%
B006Wyatt Wingfoot
0%
B001Pepper Potts
0%
B002Happy Hogan
0%
B003Justin Hammer
0%
B004Herbie
0%
BF001Armor Wars
0%
BF002Inertial Interference Field
0%
BF003Isolation
0%
BF004Assembled
0%
F001Alpha Flight
0%
F002Life Model Decoy
0%
F003Protected
0%
F004Homing Device
0%
F005Extended Range
0%
F006Saboteur
0%
F007Armor Piercing
0%
F008Shellhead
0%
F009Nanobots
0%
F010Repulsor Shield
0%

You're not logged in!

Compare scores with friends on all Sporcle quizzes.
OR
Log In

You Might Also Like...

Show Comments

Extras

Created Aug 19, 2010SourceReportNominate

Top Quizzes Today


Score Distribution

Your Account Isn't Verified!

In order to create a playlist on Sporcle, you need to verify the email address you used during registration. Go to your Sporcle Settings to finish the process.

Report this User

Report this user for behavior that violates our Community Guidelines.

Details: